[Event "Minsk op"]
[Site "Minsk"]
[Date "2022.08.04"]
[Round "2"]
[White "Aniskovich, Aleksandr"]
[Black "Lutsko, Igor"]
[Result "0-1"]
[WhiteElo "1849"]
[BlackElo "2301"]
[PlyCount "80"]
[EventDate "2022.08.03"]
[EventType "swiss"]
[EventRounds "9"]
[EventCountry "BLR"]
[SourceTitle "CBM 209 Extra"]
[Source "ChessBase"]
[SourceDate "2022.09.30"]
[SourceVersion "1"]
[SourceVersionDate "2022.09.30"]
[SourceQuality "1"]

1. Nf3 d6 2. d4 g6 3. c4 Bg7 4. Nc3 Nf6 5. e4 0-0 6. h3 c6 7. Be3 a6 8. Bd3 b5 9. b3 Nbd7 10. 0-0 e5 11. d5 cxd5 12. cxd5 Nh5 13. Ne2 f5 14. Bg5 Qe8 15. Rc1 Nc5 16. Qc2 f4 17. g4 fxg3 18. fxg3 Bxh3 19. Rf2 Rc8 20. Qd2 Nf6 21. Bxf6 Rxf6 22. Kh2 Qf8 23. Kxh3 Bh6 24. Qd1 Nxd3 25. Qxd3 Bxc1 26. Kg2 Qh6 27. a4 Rcf8 28. axb5 axb5 29. Qxb5 Qe3 30. Neg1 Qxe4 31. Re2 Be3 32. Qc4 Qxc4 33. bxc4 Bxg1 34. Nxg1 Rf1 35. Nh3 Rc1 36. Re4 Rc2+ 37. Kg1 Rf3 38. Rg4 Rb3 39. Nf2 Rb1+ 40. Kg2 Rbb2 0-1